LEADER 01047cam2 22002653 450 001 SON0004031 005 20220711092553.0 010 $a8814050953 100 $a20010129d1995 |||||ita|0103 ba 101 $aita 102 $aIT 200 1 $a<<2: Il >>Nozioni introduttive, convenzioni matrimoniali, comunione legale dei beni, comunione convenzionale$fVincenzo De Paola 210 $aMilano$cGiuffrè$d1995 215 $aXII, 748 p.$d24 cm 461 1$1001SOBE00030712$12001 $a<>diritto patrimoniale della famiglia coniugale / Vincenzo De Paola 700 1$aDe_Paola$b, Vincenzo$3AF00008731$4070$0232004 801 0$aIT$bUNISOB$c20220711$gRICA 850 $aUNISOB 852 $aUNISOB$j340$m94845 912 $aSON0004031 940 $aM 102 Monografia moderna SBN 941 $aM 957 $a340$b001703$i-2$gSI$d94845$rACQUISTO$1bethb$2UNISOB$3UNISOB$420130228104037.0$520130228104055.0$6bethb 996 $aNozioni introduttive, convenzioni matrimoniali, comunione legale dei beni, comunione convenzionale$92896878 997 $aUNISOB